000
00238nam a2200109Ia 4500
008
190216s9999||||xx |||||||||||||| ||und||
100
_a
Shivani M
245
0
_a
Book Keeping
260
_b
Bhasha Institute
650
_a
Commerce
942
_c
BK
999
_c
5275
_d
5275